[Event "Cadiz op 17th"]
[Site "San Fernando"]
[Date "2003.07.18"]
[Round "1.3"]
[White "Ivanov, Jordan"]
[Black "Torres Pavo, Alvaro"]
[Result "1-0"]
[WhiteElo "2412"]
[BlackElo "1920"]
[PlyCount "59"]
[EventDate "2003.07.18"]
[EventType "swiss"]
[EventRounds "8"]
[EventCountry "ESP"]
[SourceTitle "CBM 095 Extra"]
[Source "ChessBase"]
[SourceDate "2003.09.04"]
[SourceVersion "1"]
[SourceVersionDate "2003.09.04"]
[SourceQuality "1"]

1. Nf3 d5 2. c4 e6 3. d4 Nf6 4. Nc3 Be7 5. Bf4 dxc4 6. e4 a6 7. a4 0-0 8. Bxc4 c6 9. 0-0 Nbd7 10. Qb3 Qb6 11. Bxe6 fxe6 12. Qxe6+ Rf7 13. Ng5 Ne5 14. Qa2 h6 15. dxe5 hxg5 16. exf6 gxf6 17. a5 Qb4 18. Be3 Kg7 19. Rad1 Bc5 20. Bd2 Bd4 21. Na4 Qe7 22. Bxg5 Qxe4 23. Bc1 Be6 24. Qa3 Rg8 25. Rfe1 Qg4 26. Qg3 Qxg3 27. hxg3 Be5 28. Nb6 Re7 29. f4 Bb8 30. f5 1-0